Spiking Neural Network Learning, Benchmarking, Programming and Executing (Record no. 27257)
[ view plain ]
| 000 -LEADER | |
|---|---|
| fixed length control field | 00623nam a2200133Ia 4500 |
| 008 - FIXED-LENGTH DATA ELEMENTS--GENERAL INFORMATION | |
| fixed length control field | 220620s9999||||xx |||||||||||||| ||und|| |
| 020 ## - INTERNATIONAL STANDARD BOOK NUMBER | |
| International Standard Book Number | 9782890000000 |
| 245 #0 - TITLE STATEMENT | |
| Title | Spiking Neural Network Learning, Benchmarking, Programming and Executing |
| 546 ## - LANGUAGE NOTE | |
| Language note | English[eng] |
| 650 ## - SUBJECT ADDED ENTRY--TOPICAL TERM | |
| Topical term or geographic name entry element | deep spiking neural networks||SNN learning algorithms||programming framework||SNN benchmarks||neuromorphics |
| 700 ## - ADDED ENTRY--PERSONAL NAME | |
| Personal name | Li, Guoqi||Li, Haizhou||Li, Peng||Neftci, Emre O.||Deng, Lei||Song, Yam |
| 856 ## - ELECTRONIC LOCATION AND ACCESS | |
| Uniform Resource Identifier | <a href="https://www.frontiersin.org/research-topics/8540/spiking-neural-network-learning-benchmarking-programming-and-executing">https://www.frontiersin.org/research-topics/8540/spiking-neural-network-learning-benchmarking-programming-and-executing</a> |
| 942 ## - ADDED ENTRY ELEMENTS (KOHA) | |
| Koha item type | E-Books |
| Withdrawn status | Lost status | Damaged status | Not for loan | Home library | Current library | Date acquired | Total Checkouts | Date last seen | Price effective from | Koha item type |
|---|---|---|---|---|---|---|---|---|---|---|
| Kerala University of Digital Sciences, Innovation and Technology Knowledge Centre | Kerala University of Digital Sciences, Innovation and Technology Knowledge Centre | 20/06/2022 | 20/06/2022 | 20/06/2022 | E-Books |